[Event "Titled Tuesday intern op 11th May"]
[Site "Chess.com INT"]
[Date "2021.05.11"]
[Round "7"]
[White "Orlov, Oleg"]
[Black "Seemann, Jakub"]
[Result "1-0"]
[WhiteElo "2254"]
[BlackElo "2288"]
[PlyCount "79"]
[EventDate "2021.05.11"]
[EventType "swiss (blitz)"]
[EventRounds "11"]
[EventCountry "USA"]
[SourceTitle "CBM 202 Extra"]
[Source "ChessBase"]
[SourceDate "2021.07.31"]
[SourceVersion "1"]
[SourceVersionDate "2021.07.31"]
[SourceQuality "1"]

1. Nf3 Nf6 2. c4 e6 3. g3 d5 4. Bg2 Be7 5. 0-0 0-0 6. d4 dxc4 7. Ne5 Nc6 8. Nxc6 bxc6 9. e3 Ba6 10. Bxc6 c3 11. Bxa8 cxb2 12. Bxb2 Qxa8 13. Nd2 Bxf1 14. Qxf1 c5 15. dxc5 Nd7 16. Nb3 Nxc5 17. Nxc5 Bxc5 18. Qc4 Qb7 19. Bxg7 Kxg7 20. Qxc5 Qb2 21. Qg5+ Kh8 22. Rd1 Rc8 23. Rd8+ Rxd8 24. Qxd8+ Kg7 25. Qd4+ Qxd4 26. exd4 Kf6 27. Kg2 Kf5 28. Kf3 h5 29. h3 f6 30. g4+ hxg4+ 31. hxg4+ Kg5 32. Kg3 a5 33. f4+ Kg6 34. Kf3 Kf7 35. Ke4 Ke7 36. a4 Kd6 37. g5 f5+ 38. Ke3 Ke7 39. Kd3 Kd6 40. Kc4 1-0

[Event "Titled Tuesday intern op 11th May"]
[Site "Chess.com INT"]
[Date "2021.05.11"]
[Round "3"]
[White "Politov, Pavel Y"]
[Black "Orlov, Oleg"]
[Result "0-1"]
[WhiteElo "2190"]
[BlackElo "2254"]
[PlyCount "48"]
[EventDate "2021.05.11"]
[EventType "swiss (blitz)"]
[EventRounds "11"]
[EventCountry "USA"]
[SourceTitle "CBM 202 Extra"]
[Source "ChessBase"]
[SourceDate "2021.07.31"]
[SourceVersion "1"]
[SourceVersionDate "2021.07.31"]
[SourceQuality "1"]

1. e4 c5 2. Nf3 e6 3. d4 cxd4 4. Nxd4 Qb6 5. Be3 Bc5 6. Nc3 Nc6 7. Na4 Qa5+ 8. c3 Bxd4 9. Bxd4 Nxd4 10. Qxd4 e5 11. Qb4 Qxb4 12. cxb4 Nf6 13. Nc3 d6 14. 0-0-0 Ke7 15. Bc4 Be6 16. Bd5 Bxd5 17. Nxd5+ Nxd5 18. Rxd5 Rac8+ 19. Kd2 Rc4 20. Rb5 b6 21. f3 Rhc8 22. a4 Rc2+ 23. Kd3 Rxb2 24. Ra1 Rb3+ 0-1

[Event "Titled Tuesday intern op 30th Mar"]
[Site "Chess.com INT"]
[Date "2021.03.30"]
[Round "4"]
[White "Orlov, Oleg"]
[Black "Ronka, Erik"]
[Result "1/2-1/2"]
[WhiteElo "2254"]
[BlackElo "2303"]
[PlyCount "112"]
[EventDate "2021.03.30"]
[EventType "swiss (blitz)"]
[EventRounds "11"]
[EventCountry "USA"]
[SourceTitle "CBM 201 Extra"]
[Source "ChessBase"]
[SourceDate "2021.05.31"]
[SourceVersion "1"]
[SourceVersionDate "2021.05.31"]
[SourceQuality "1"]

1. Nf3 d5 2. c4 c6 3. g3 Nf6 4. Bg2 Bg4 5. Ne5 Be6 6. cxd5 Bxd5 7. Nf3 c5 8. Nc3 Bc6 9. 0-0 e6 10. d4 Nbd7 11. Re1 cxd4 12. Qxd4 Bc5 13. Qc4 Rc8 14. Qh4 Qb6 15. e3 0-0 16. Na4 Qb4 17. Nc3 Qxh4 18. Nxh4 Bxg2 19. Nxg2 Rfd8 20. Nf4 Ne5 21. Kg2 Bb4 22. Nfe2 Ne4 23. a4 Nd3 24. Rf1 Nxc3 25. Nxc3 Bxc3 26. bxc3 Rxc3 27. a5 f6 28. e4 Nxc1 29. Rfxc1 Rdc8 30. Rcb1 R8c7 31. Rb4 Kf7 32. Rab1 b6 33. axb6 axb6 34. Rxb6 R3c4 35. Rb7 Rxb7 36. Rxb7+ Kg6 37. Kf3 e5 38. h4 Rc3+ 39. Kg2 h5 40. Ra7 Rc4 41. Kf3 Rc3+ 42. Ke2 Rc4 43. Kd3 Rd4+ 44. Ke3 Rb4 45. f4 Rb3+ 46. Kf2 Rb2+ 47. Kf3 Rb3+ 48. Kg2 Rb4 49. f5+ Kh6 50. Ra8 Kh7 51. Kf3 Rb3+ 52. Kg2 Rb4 53. Kf3 Rb3+ 54. Kf2 Rb4 55. Ke3 Rb3+ 56. Kf2 Rb4 1/2-1/2

[Event "Titled Tuesday intern op 30th Mar"]
[Site "Chess.com INT"]
[Date "2021.03.30"]
[Round "2"]
[White "Orlov, Oleg"]
[Black "Sarana, Alexey"]
[Result "0-1"]
[WhiteElo "2254"]
[BlackElo "2649"]
[PlyCount "98"]
[EventDate "2021.03.30"]
[EventType "swiss (blitz)"]
[EventRounds "11"]
[EventCountry "USA"]
[SourceTitle "CBM 201 Extra"]
[Source "ChessBase"]
[SourceDate "2021.05.31"]
[SourceVersion "1"]
[SourceVersionDate "2021.05.31"]
[SourceQuality "1"]

1. Nf3 d5 2. c4 d4 3. e3 Nc6 4. b4 dxe3 5. fxe3 Nxb4 6. Qa4+ Nc6 7. d4 Bd7 8. Qb3 b6 9. Bb2 Nf6 10. Nbd2 g6 11. e4 Bg7 12. e5 Ng4 13. h3 Nh6 14. g4 0-0 15. Bg2 f6 16. c5+ Kh8 17. e6 Na5 18. Qe3 Bc6 19. 0-0 f5 20. d5 Qxd5 21. Bxg7+ Kxg7 22. cxb6 axb6 23. g5 Ng4 24. hxg4 fxg4 25. Nh4 Qd6 26. Rxf8 Rxf8 27. Rf1 Rxf1+ 28. Nxf1 Bxg2 29. Nxg2 Nc4 30. Qc3+ Ne5 31. Nf4 Kg8 32. Kf2 Nf3 33. Ne2 Nxg5 34. Nd4 Ne4+ 35. Ke3 Nxc3 36. Nd2 Nd5+ 37. Ke4 Nf6+ 38. Ke3 c5 39. Ne2 Qxe6+ 40. Kf2 Ne4+ 41. Nxe4 Qxe4 42. Ng3 Qf3+ 43. Ke1 Qxg3+ 44. Kd2 Qf3 45. a4 g3 46. a5 g2 47. Kc2 g1Q 48. axb6 Qgg2+ 49. Kc1 Qff1# 0-1

[Event "Sochi Amateur op 6th"]
[Site "Sochi"]
[Date "2019.04.13"]
[Round "9"]
[White "Kiriushin, Vladimir"]
[Black "Orlov, Oleg"]
[Result "1-0"]
[WhiteElo "2032"]
[BlackElo "2318"]
[PlyCount "71"]
[EventDate "2019.04.07"]
[EventType "swiss"]
[EventRounds "9"]
[EventCountry "RUS"]
[SourceTitle "CBM 189 Extra"]
[Source "ChessBase"]
[SourceDate "2019.05.31"]
[SourceVersion "1"]
[SourceVersionDate "2019.05.31"]
[SourceQuality "1"]

1. e4 c5 2. Nf3 e6 3. d4 cxd4 4. Nxd4 Qb6 5. c3 a6 6. Nd2 Qc7 7. Be2 Nf6 8. 0-0 d6 9. Bf3 Nbd7 10. Re1 Ne5 11. Be2 Ng6 12. g3 e5 13. Nc2 h5 14. h4 Bd7 15. Bf3 Be7 16. Ne3 0-0-0 17. Qb3 Be6 18. c4 Nf8 19. Nd5 Bxd5 20. cxd5 N8d7 21. Nc4 b5 22. Ne3 Nc5 23. Qc2 Kd7 24. Bd2 Rb8 25. Bg2 b4 26. b3 Rhc8 27. Bh3+ Ke8 28. Bxc8 Qxc8 29. f3 Qh3 30. Nf1 Rc8 31. Rac1 Bd8 32. Be3 Bb6 33. Qd2 a5 34. Qg2 Qd7 35. Qe2 Rc7 36. Kg2 1-0